| 000 | 00806nam a22003377a 4500 | ||
|---|---|---|---|
| 005 | 20251023175140.0 | ||
| 008 | 190328b2014 sp ||||| |||| 00| 0 spa d | ||
| 020 | _a9788491132929 | ||
| 041 | _aESP | ||
| 082 | _a611.91 H249nc4 | ||
| 100 | _aHansen, John T | ||
| 245 | _aNetter flashcards de anatomía: cabeza y cuello | ||
| 250 | _a4 edición | ||
| 260 | _aEspaña | ||
| 260 | _bElsevier | ||
| 260 | _c2017 | ||
| 300 | _a84 páginas | ||
| 300 | _bIlustraciones a color | ||
| 490 | _aMecánica Dental | ||
| 650 | _aANATOMÍA HUMANA | ||
| 650 | _aANATOMÍA DE CABEZA Y CUELLO | ||
| 650 | _aHUESOS | ||
| 650 | _aARTICULACIONES | ||
| 650 | _aDIENTES | ||
| 650 | _aMÚSCULOS | ||
| 650 | _aNERVIOS | ||
| 650 | _aVASOS | ||
| 650 | _aVÍSCERAS | ||
| 942 |
_cBK _2ddc |
||
| 999 |
_c11816 _d11816 |
||